000 00494nam a2200169Ia 4500
999 _c847
_d847
003 OSt
005 20210914140250.0
008 190216s9999||||xx |||||||||||||| ||und||
040 _coclc
082 _a492.79
_bHAM/Q
100 _aHameed, V P Abdul
_94572
245 0 _aAl Qasas Al Shabiyya /
_cV P Abdul Hameed ; N K Abdul Haleem
260 _bAl Huda Book Stall,
_c1993.
_aCalicut:
300 _a67p
650 _aArabic
942 _cBK
_2ddc
_h492.79
_iHAM/Q
_k492.79
_mHAM/Q